[Event "VI  Miedzynarodowy Festiwal Szachowy   M"]
[Site "Lazy"]
[Date "2010.07.01"]
[Round "6.11"]
[White "Zakoscielna, Kinga"]
[Black "Korosciel, Aneta"]
[Result "1/2-1/2"]
[WhiteElo "2040"]
[BlackElo "2041"]
[PlyCount "43"]
[EventDate "2010.??.??"]

1. e4 e5 2. Nf3 Nf6 3. Nxe5 d6 4. Nf3 Nxe4 5. Nc3 Nxc3 6. dxc3 Be7 7. Bf4 Nc6
8. Qd2 Be6 9. O-O-O Qd7 10. Kb1 a6 11. Bd3 O-O-O 12. h3 h6 13. Nd4 Nxd4 14.
cxd4 d5 15. Rhe1 Bd6 16. Be5 f6 17. Bxd6 Qxd6 18. g4 Bf7 19. f4 Rde8 20. h4
Rxe1 21. Rxe1 Re8 22. Bf5+ 1/2-1/2

[Event "VI  Miedzynarodowy Festiwal Szachowy   M"]
[Site "Lazy"]
[Date "2010.07.01"]
[Round "6.12"]
[White "Kucypera, Malgorzata"]
[Black "Skalik, Przemyslaw"]
[Result "0-1"]
[WhiteElo "2068"]
[BlackElo "2390"]
[PlyCount "104"]
[EventDate "2010.??.??"]

1. e4 d6 2. d4 Nf6 3. Nc3 Nc6 4. Bc4 e5 5. Nge2 Be7 6. O-O O-O 7. a4 Nxe4 8.
Nxe4 d5 9. Bxd5 Qxd5 10. N4c3 Qa5 11. dxe5 Rd8 12. Bd2 Nxe5 13. Qc1 Nc4 14. Bf4
c6 15. b3 Bf6 16. bxc4 Bxc3 17. Nxc3 Qxc3 18. Ra3 Qxc4 19. Rg3 Bf5 20. h4 Bg6
21. c3 h5 22. a5 Rd5 23. Qe3 Rxa5 24. Bc7 Rd5 25. Qe7 Qe4 26. Re3 Qxe7 27. Rxe7
Bf5 28. Ra1 a5 29. Bb6 a4 30. Ra3 Rd7 31. Re5 g6 32. Bd4 f6 33. Re2 Kf7 34. Bc5
b5 35. f3 Re8 36. Kf2 Rxe2+ 37. Kxe2 Be6 38. Ra1 Bc4+ 39. Ke1 Rd5 40. Ba3 Re5+
41. Kf2 Re2+ 42. Kg3 Bb3 43. Bb4 g5 44. hxg5 fxg5 45. Bc5 Bd5 46. Rd1 Kg6 47.
Rg1 Kf5 48. Kh3 Rc2 49. g4+ Kg6 50. gxh5+ Kxh5 51. Be7 Be6+ 52. Kg3 Rxc3 0-1

[Event "VI  Miedzynarodowy Festiwal Szachowy   M"]
[Site "Lazy"]
[Date "2010.07.01"]
[Round "6.13"]
[White "Kmiecik, Wojciech"]
[Black "Jurkowski, Marcin"]
[Result "1/2-1/2"]
[WhiteElo "2026"]
[BlackElo "1996"]
[PlyCount "77"]
[EventDate "2010.??.??"]

1. d4 Nf6 2. Nf3 g6 3. c4 Bg7 4. Nc3 O-O 5. e4 d6 6. Be2 e5 7. dxe5 dxe5 8.
Qxd8 Rxd8 9. O-O Nc6 10. Bg5 h6 11. Bxf6 Bxf6 12. Rfd1 Be6 13. Rxd8+ Rxd8 14.
Rd1 Rxd1+ 15. Bxd1 Nd4 16. Nd5 Nxf3+ 17. Bxf3 Kg7 18. Nxf6 Kxf6 19. Be2 Ke7 20.
b4 f5 21. exf5 gxf5 22. f3 b6 23. Kf2 Kf6 24. h3 h5 25. g4 fxg4 26. fxg4 hxg4
27. hxg4 Kg5 28. Kg3 Bf7 29. a3 a5 30. bxa5 bxa5 31. c5 Bg6 32. Kf3 Bc2 33. Ke3
e4 34. Kd2 Ba4 35. Kc3 e3 36. Kd4 Kf4 37. g5 Kxg5 38. Kxe3 Kf5 39. Kd4 1/2-1/2

[Event "VI  Miedzynarodowy Festiwal Szachowy   M"]
[Site "Lazy"]
[Date "2010.07.01"]
[Round "6.14"]
[White "Sokolowski, Ryszard"]
[Black "Mazalon, Mariusz"]
[Result "1-0"]
[WhiteElo "2143"]
[BlackElo "2093"]
[PlyCount "77"]
[EventDate "2010.??.??"]

1. c4 Nf6 2. Nf3 g6 3. g3 Bg7 4. Bg2 O-O 5. O-O d6 6. d4 Nc6 7. Nc3 a6 8. b3
Rb8 9. d5 Na5 10. Nd4 Bd7 11. Qd3 c5 12. dxc6 Nxc6 13. e3 Qa5 14. Bd2 Qh5 15.
f3 Nxd4 16. exd4 Bh3 17. Rfe1 Bxg2 18. Kxg2 e6 19. Rac1 Rfd8 20. a4 b6 21. h3
Qf5 22. Qe2 e5 23. g4 Qd7 24. d5 Rf8 25. Rb1 Qc7 26. Rec1 Nd7 27. Ne4 h6 28. a5
f5 29. axb6 Qxb6 30. gxf5 gxf5 31. Ng3 e4 32. f4 Nc5 33. Rg1 Kh7 34. Kh2 Qd8
35. b4 Nd3 36. Nxf5 Rxf5 37. Qxe4 Qf6 38. Qxd3 Kh8 39. Rxg7 1-0

[Event "VI  Miedzynarodowy Festiwal Szachowy   M"]
[Site "Lazy"]
[Date "2010.07.02"]
[Round "7.8"]
[White "Samolins, Vitalijs"]
[Black "Kotlowski, Tomasz"]
[Result "1-0"]
[WhiteElo "2426"]
[BlackElo "2028"]
[PlyCount "89"]
[EventDate "2010.??.??"]

1. e4 e5 2. Nf3 Nf6 3. Nc3 Nc6 4. d4 exd4 5. Nxd4 Bc5 6. Nb3 Bb4 7. Bd3 d5 8.
exd5 Bxc3+ 9. bxc3 Qxd5 10. O-O Be6 11. Bf4 O-O-O 12. c4 Qh5 13. Qxh5 Nxh5 14.
Bg5 f6 15. Be3 b6 16. c5 g5 17. Rfe1 Ne5 18. Ba6+ Kb8 19. Bxg5 Rhg8 20. Rxe5
fxe5 21. Bxd8 Rxd8 22. Re1 e4 23. f3 Bxb3 24. axb3 exf3 25. gxf3 bxc5 26. Re5
Nf4 27. Rxc5 Rd6 28. Rb5+ Rb6 29. Rxb6+ cxb6 30. Kf2 Kc7 31. Kg3 Nd5 32. Bd3 h6
33. c4 Nb4 34. Be4 Kd6 35. Kg4 Ke5 36. Kh5 Na6 37. Kxh6 Nc5 38. Kg6 Nxb3 39. h4
Nc5 40. h5 Ne6 41. h6 a5 42. Bd5 Nf4+ 43. Kg5 Nh3+ 44. Kg4 Nf4 45. Be4 1-0

[Event "VI  Miedzynarodowy Festiwal Szachowy   M"]
[Site "Lazy"]
[Date "2010.07.02"]
[Round "7.10"]
[White "Korosciel, Aneta"]
[Black "Kulon, Klaudia"]
[Result "1-0"]
[WhiteElo "2041"]
[BlackElo "2230"]
[PlyCount "85"]
[EventDate "2010.??.??"]

1. e4 d5 2. exd5 Qxd5 3. Nc3 Qa5 4. Nf3 Nf6 5. d4 Nc6 6. Bd2 a6 7. Bc4 Qh5 8.
Ng5 Qxd1+ 9. Rxd1 e6 10. Bf4 Bd6 11. Bxd6 cxd6 12. d5 Ne5 13. Bb3 Ke7 14. O-O
h6 15. Nge4 Nxe4 16. Nxe4 Rd8 17. Rfe1 g5 18. Nxd6 Rxd6 19. Rxe5 Kf6 20. Re3 b5
21. Red3 e5 22. f3 Bb7 23. a4 Rad8 24. axb5 axb5 25. Kf2 h5 26. Ke3 Kf5 27. c4
bxc4 28. Bxc4 f6 29. Rb3 Bxd5 30. Rbd3 Ke6 31. Rxd5 Rxd5 32. Rxd5 Rxd5 33.
Bxd5+ Kxd5 34. h3 h4 35. b4 f5 36. Kd3 Kc6 37. Kc4 Kd6 38. b5 e4 39. fxe4 f4
40. Kd3 g4 41. Ke2 f3+ 42. Kf2 fxg2 43. hxg4 1-0

[Event "VI  Miedzynarodowy Festiwal Szachowy   M"]
[Site "Lazy"]
[Date "2010.07.02"]
[Round "7.11"]
[White "Karbowiak, Adam"]
[Black "Zakoscielna, Kinga"]
[Result "1-0"]
[WhiteElo "2209"]
[BlackElo "2040"]
[PlyCount "51"]
[EventDate "2010.??.??"]

1. Nf3 c5 2. g3 Nc6 3. c4 Nf6 4. Bg2 d5 5. d4 dxc4 6. Qa4 cxd4 7. Nxd4 Qxd4 8.
Bxc6+ Bd7 9. Bxd7+ Nxd7 10. O-O a6 11. Rd1 Qg4 12. Nc3 Rc8 13. Be3 Rc6 14. Rd4
Qe6 15. Rad1 Rd6 16. Nd5 Qf5 17. Qxc4 Ne5 18. Qa4+ Nc6 19. Bf4 e5 20. Bxe5 b5
21. Qxa6 Nxd4 22. Bxd6 Nxe2+ 23. Kf1 Qh3+ 24. Kxe2 Qg4+ 25. Ke1 Qe6+ 26. Ne3
1-0

[Event "VI  Miedzynarodowy Festiwal Szachowy   M"]
[Site "Lazy"]
[Date "2010.07.02"]
[Round "7.12"]
[White "Sokolowski, Ryszard"]
[Black "Andrzejewska, Anna"]
[Result "0-1"]
[WhiteElo "2143"]
[BlackElo "2006"]
[PlyCount "102"]
[EventDate "2010.??.??"]

1. d4 d5 2. Bg5 Nf6 3. Bxf6 exf6 4. e3 Be6 5. Bd3 Bd6 6. Nd2 c6 7. Qf3 Nd7 8.
Ne2 Qc7 9. h3 Nf8 10. e4 Ng6 11. g3 O-O-O 12. a3 Rhe8 13. O-O-O Qd7 14. Nc3
dxe4 15. Ndxe4 Bf8 16. Be2 Bd5 17. Nxd5 Qxd5 18. Nc3 Qxf3 19. Bxf3 Kc7 20. Ne4
Rd7 21. Rd3 h6 22. Rhd1 f5 23. Nc3 Red8 24. h4 Be7 25. h5 Bg5+ 26. Kb1 Ne7 27.
Ne2 Nd5 28. c4 Nf6 29. Nc3 Ng4 30. Bxg4 fxg4 31. d5 Bf6 32. Ne4 Be7 33. Kc2
cxd5 34. cxd5 f5 35. Nc3 a6 36. Ne2 Bc5 37. Nf4 Kd6 38. R1d2 Ba7 39. Rc3 Re8
40. b4 Re1 41. Ne6 Rf1 42. Nc5 Rc7 43. Kb3 a5 44. Re2 Bxc5 45. bxc5+ Rxc5 46.
Rxc5 Kxc5 47. Rd2 Kd6 48. Ka4 b6 49. Kb5 Rb1+ 50. Kc4 b5+ 51. Kc3 Rc1+ 0-1

[Event "VI  Miedzynarodowy Festiwal Szachowy   M"]
[Site "Lazy"]
[Date "2010.07.02"]
[Round "7.13"]
[White "Gluszko, Monika"]
[Black "Jurkowski, Marcin"]
[Result "1-0"]
[WhiteElo "2012"]
[BlackElo "1996"]
[PlyCount "79"]
[EventDate "2010.??.??"]

1. e4 c5 2. Nf3 d6 3. d4 cxd4 4. Nxd4 Nf6 5. Nc3 a6 6. h3 e5 7. Nde2 b5 8. g4
Be6 9. Bg2 Nbd7 10. Ng3 Nb6 11. Nd5 Bxd5 12. exd5 Be7 13. O-O Rc8 14. b3 O-O
15. f4 exf4 16. Bxf4 Qc7 17. Nf5 Rfe8 18. Be3 Bf8 19. g5 Nfd7 20. Qf3 Qxc2 21.
Rac1 Qd3 22. Rxc8 Rxc8 23. Ne7+ Bxe7 24. Qxf7+ Kh8 25. Qxe7 Qe2 26. Bf3 Qd3 27.
Bxb6 Nxb6 28. Qxd6 Qe3+ 29. Kh1 Rg8 30. Qe6 Qd3 31. Bg2 Nc8 32. Rc1 Na7 33.
Qxa6 Qe3 34. Rf1 Nc8 35. Qxb5 Nd6 36. Qb4 Qe5 37. Qf4 Qe7 38. Qg4 Qe5 39. Qe6
Qg3 40. Rf3 1-0

[Event "VI  Miedzynarodowy Festiwal Szachowy   M"]
[Site "Lazy"]
[Date "2010.07.03"]
[Round "8.2"]
[White "Kanarek, Marcel"]
[Black "Daskevics, Vadims"]
[Result "0-1"]
[WhiteElo "2387"]
[BlackElo "2386"]
[PlyCount "116"]
[EventDate "2010.??.??"]

1. e4 c5 2. Nf3 Nc6 3. Nc3 d6 4. d4 cxd4 5. Nxd4 Nf6 6. Bg5 Bd7 7. Qd2 Rc8 8.
O-O-O Nxd4 9. Qxd4 Qa5 10. Be3 a6 11. f3 g6 12. Kb1 Bg7 13. Qd2 Be6 14. a3 Qc7
15. Bd4 O-O 16. h4 b5 17. h5 Qb7 18. g4 Rfd8 19. hxg6 fxg6 20. g5 Nh5 21. Bxg7
Nxg7 22. f4 b4 23. axb4 Qxb4 24. Nd5 Qxd2 25. Rxd2 Bxd5 26. Rxd5 Rc6 27. Ra5
Ne6 28. Rxa6 Rxa6 29. Bxa6 Nxf4 30. Bc4+ Kg7 31. b4 Rc8 32. Bb3 h5 33. gxh6+
Kh7 34. Kb2 g5 35. c3 Nd3+ 36. Kc2 Nxb4+ 37. Kd2 Nc6 38. Be6 Rb8 39. Bf5+ Kh8
40. Ke3 Ne5 41. Kd4 Rf8 42. Kd5 Rf6 43. h7 Nd3 44. Kd4 Ne5 45. Ra1 Ng6 46. Ra7
e6 47. Bg4 Ne5 48. Ra8+ Kxh7 49. Be2 g4 50. c4 g3 51. Ra1 g2 52. Rg1 Rf3 53. c5
Nc6+ 54. Kc4 Rf2 55. Bh5 Kh6 56. Bd1 Ne5+ 57. Kb5 Rb2+ 58. Ka4 dxc5 0-1

[Event "VI  Miedzynarodowy Festiwal Szachowy   M"]
[Site "Lazy"]
[Date "2010.07.03"]
[Round "8.3"]
[White "Starostits, Ilmars"]
[Black "Shishkin, Vadim"]
[Result "0-1"]
[WhiteElo "2474"]
[BlackElo "2513"]
[PlyCount "90"]
[EventDate "2010.??.??"]

1. e4 c5 2. Nc3 Nc6 3. g3 g6 4. Bg2 Bg7 5. d3 d6 6. f4 e6 7. Nf3 Nge7 8. O-O
O-O 9. Be3 b6 10. Bf2 Bb7 11. d4 e5 12. d5 Nd4 13. fxe5 dxe5 14. Nxd4 cxd4 15.
Ne2 f5 16. c4 fxe4 17. Bxe4 Nf5 18. Bg2 Rc8 19. Qa4 Nd6 20. b3 b5 21. Qxa7 bxc4
22. bxc4 Rxc4 23. Rac1 Rxc1 24. Nxc1 Qc7 25. Nb3 Ra8 26. Qc5 Qd8 27. Bh3 Nf5
28. g4 Bf8 29. Qb5 Nd6 30. Qe2 Bg7 31. Qf3 Nf7 32. Bg2 Ng5 33. Qe2 Bxd5 34. Bh4
Nh3+ 35. Bxh3 Qxh4 36. Bg2 Qd8 37. Rf2 Bxg2 38. Rxg2 Qd5 39. g5 e4 40. h4 d3
41. Qe3 Rd8 42. Rd2 Bc3 43. Rd1 Qf5 44. Qg3 e3 45. Rf1 Qxf1+ 0-1

[Event "VI  Miedzynarodowy Festiwal Szachowy   M"]
[Site "Lazy"]
[Date "2010.07.03"]
[Round "8.4"]
[White "Orzech, Dominik"]
[Black "Weichhold, Pawel"]
[Result "1-0"]
[WhiteElo "2425"]
[BlackElo "2190"]
[PlyCount "103"]
[EventDate "2010.??.??"]

1. d4 g6 2. e4 Bg7 3. Nf3 c5 4. d5 d6 5. Nc3 Nf6 6. Bb5+ Nbd7 7. a4 O-O 8. O-O
Ne8 9. Re1 Nc7 10. Bf1 b6 11. Bf4 a6 12. Qd2 Re8 13. Bh6 Bh8 14. Qf4 Ne5 15. h3
e6 16. Rad1 exd5 17. Nxd5 Nxd5 18. Rxd5 Bb7 19. Rdd1 Nxf3+ 20. Qxf3 d5 21. Bc4
Qh4 22. Rxd5 Bxd5 23. Bxd5 Ra7 24. Bf4 Be5 25. Bc1 Qe7 26. Qb3 Rb8 27. c4 Qe8
28. Be3 Qe7 29. Qc2 a5 30. g3 Kh8 31. Kg2 Bg7 32. h4 Qf6 33. Bc1 Qe7 34. Rd1
Qf8 35. Bd2 Re7 36. Bg5 f6 37. Bf4 Rd8 38. Qb3 Rb8 39. h5 g5 40. Bxb8 Qxb8 41.
Qf3 Qe5 42. Bc6 Rf7 43. h6 Bf8 44. Qh5 Qc7 45. Bd5 Re7 46. Rd3 Qe5 47. Rb3 Qd6
48. Rd3 Qe5 49. Rf3 Rd7 50. Rf5 Qe7 51. e5 fxe5 52. Rxg5 1-0

[Event "VI  Miedzynarodowy Festiwal Szachowy   M"]
[Site "Lazy"]
[Date "2010.07.03"]
[Round "8.5"]
[White "Socko, Monika"]
[Black "Mulet, Piotr"]
[Result "1-0"]
[WhiteElo "2485"]
[BlackElo "2320"]
[PlyCount "47"]
[EventDate "2010.??.??"]

1. d4 Nf6 2. c4 g6 3. Nc3 d5 4. Nf3 Bg7 5. e3 O-O 6. b4 Ne4 7. Bb2 c6 8. Qb3 a5
9. Nxe4 dxe4 10. Nd2 a4 11. Qc2 a3 12. Bc3 f5 13. Be2 Nd7 14. O-O e5 15. d5 Qh4
16. dxc6 bxc6 17. c5 Kh8 18. Rad1 g5 19. Nc4 f4 20. Qxe4 Nf6 21. Qxe5 Bg4 22.
Bxg4 Rae8 23. Be6 Nh5 24. g3 1-0

[Event "VI  Miedzynarodowy Festiwal Szachowy   M"]
[Site "Lazy"]
[Date "2010.07.03"]
[Round "8.6"]
[White "Mickiewicz, Piotr"]
[Black "Samolins, Vitalijs"]
[Result "1-0"]
[WhiteElo "2322"]
[BlackElo "2426"]
[PlyCount "55"]
[EventDate "2010.??.??"]

1. e4 e5 2. Nf3 Nc6 3. Bb5 Nd4 4. Nxd4 exd4 5. d3 Bc5 6. O-O c6 7. Ba4 d6 8.
Bb3 Nf6 9. h3 O-O 10. Bg5 h6 11. Bh4 g5 12. Bg3 d5 13. e5 Ne8 14. Nd2 Ng7 15.
c4 Be6 16. Rc1 Rc8 17. Bh2 Qd7 18. g4 h5 19. cxd5 cxd5 20. Nf3 hxg4 21. Nxg5
Be7 22. Rxc8 Rxc8 23. Nxe6 fxe6 24. hxg4 Qe8 25. f4 Qg6 26. Kh1 Qh6 27. f5 Bg5
28. f6 1-0

[Event "VI  Miedzynarodowy Festiwal Szachowy   M"]
[Site "Lazy"]
[Date "2010.07.03"]
[Round "8.7"]
[White "Malisauskas, Vidmantas"]
[Black "Pacuszka, Tomasz"]
[Result "1-0"]
[WhiteElo "2503"]
[BlackElo "2295"]
[PlyCount "45"]
[EventDate "2010.??.??"]

1. e4 c5 2. Nf3 e6 3. d4 cxd4 4. Nxd4 a6 5. Nc3 Qc7 6. g3 Nf6 7. Bg2 Bc5 8. Nb3
Be7 9. f4 d6 10. Be3 Nbd7 11. O-O O-O 12. g4 Rb8 13. g5 Ne8 14. a4 b6 15. Qh5
g6 16. Qh6 Ng7 17. f5 gxf5 18. exf5 exf5 19. Nd5 Qd8 20. Rf3 Re8 21. Rh3 Nf8
22. Bd4 Nge6 23. Bf6 1-0

[Event "VI  Miedzynarodowy Festiwal Szachowy   M"]
[Site "Lazy"]
[Date "2010.07.03"]
[Round "8.9"]
[White "Reshetnikov, Evgeny"]
[Black "Korosciel, Aneta"]
[Result "1-0"]
[WhiteElo "2280"]
[BlackElo "2041"]
[PlyCount "87"]
[EventDate "2010.??.??"]

1. d4 Nf6 2. Nd2 d5 3. Ngf3 e6 4. g3 Be7 5. Bg2 O-O 6. c4 c6 7. O-O b6 8. Qc2
Bb7 9. Rd1 Nbd7 10. e4 Nxe4 11. Nxe4 dxe4 12. Qxe4 Nf6 13. Qe2 Qc8 14. Bh3 h6
15. Ne5 Re8 16. Bf4 Bf8 17. Rd3 Qd8 18. Qf3 Rc8 19. Re1 Ba8 20. Qd1 Bb4 21. Re2
g5 22. Bc1 Nh5 23. c5 bxc5 24. dxc5 Qe7 25. Re4 Nf6 26. Rxb4 Qxc5 27. Ng4 Nd5
28. Rbb3 Kg7 29. Be3 Qe7 30. Ne5 c5 31. Nc4 a5 32. Rb5 Red8 33. Bf1 a4 34. Qe2
Qe8 35. Ra5 Qe7 36. f3 f5 37. Bf2 f4 38. Rxa4 Nb4 39. Rxd8 Rxd8 40. Qe5+ Kg6
41. Bxc5 Qd7 42. Rxb4 Bxf3 43. Nd6 fxg3 44. Bd3+ 1-0

[Event "VI  Miedzynarodowy Festiwal Szachowy   M"]
[Site "Lazy"]
[Date "2010.07.03"]
[Round "8.11"]
[White "Kotlowski, Tomasz"]
[Black "Gluszko, Monika"]
[Result "1/2-1/2"]
[WhiteElo "2028"]
[BlackElo "2012"]
[PlyCount "35"]
[EventDate "2010.??.??"]

1. e4 c5 2. Nc3 Nc6 3. f4 g6 4. Nf3 Bg7 5. Bc4 e6 6. f5 Nge7 7. fxe6 fxe6 8. d3
d5 9. exd5 exd5 10. Bb3 b5 11. a3 O-O 12. O-O c4 13. Ba2 Bg4 14. Bg5 h6 15.
dxc4 Qb6+ 16. Kh1 dxc4 17. Bxe7 Nxe7 18. Qe2 1/2-1/2

[Event "VI  Miedzynarodowy Festiwal Szachowy   M"]
[Site "Lazy"]
[Date "2010.07.03"]
[Round "8.12"]
[White "Kulon, Klaudia"]
[Black "Kmiecik, Wojciech"]
[Result "1-0"]
[WhiteElo "2230"]
[BlackElo "2026"]
[PlyCount "81"]
[EventDate "2010.??.??"]

1. e4 e6 2. d4 d5 3. Nd2 Nf6 4. e5 Nfd7 5. c3 c5 6. Bd3 Nc6 7. Ndf3 cxd4 8.
cxd4 Bb4+ 9. Bd2 Bxd2+ 10. Qxd2 f6 11. exf6 Qxf6 12. Ne2 O-O 13. Nc3 Rd8 14.
O-O Nf8 15. Rfe1 Bd7 16. Rac1 Be8 17. Qe3 h6 18. a3 Rac8 19. b4 Bh5 20. Ne5
Nxe5 21. dxe5 Qe7 22. Nb5 b6 23. Nd6 Rxc1 24. Rxc1 Rd7 25. Rc8 Rc7 26. Ra8 Qg5
27. f4 Qg4 28. h3 Qd1+ 29. Kh2 Rc1 30. Kg3 Qh1 31. Rxa7 Rg1 32. Qf2 Rd1 33. Bb5
Rc1 34. Ra8 Rc3+ 35. Kh4 Bf3 36. Bf1 Qh2 37. Qg3 Qg1 38. Qg6 Qf2+ 39. g3 Bh5
40. Kxh5 Qf3+ 41. Kh4 1-0

[Event "VI  Miedzynarodowy Festiwal Szachowy   M"]
[Site "Lazy"]
[Date "2010.07.03"]
[Round "8.13"]
[White "Zakoscielna, Kinga"]
[Black "Sokolowski, Ryszard"]
[Result "1-0"]
[WhiteElo "2040"]
[BlackElo "2143"]
[PlyCount "79"]
[EventDate "2010.??.??"]

1. e4 d6 2. d4 Nf6 3. Nc3 e5 4. Nf3 Nbd7 5. Be2 c6 6. O-O Be7 7. a4 O-O 8. b3
b6 9. Bb2 a6 10. Bd3 Bb7 11. Ne2 exd4 12. Nexd4 g6 13. Ne2 c5 14. Ng3 h5 15.
Re1 Ng4 16. Bc4 Bf6 17. Bxf6 Qxf6 18. h3 Nge5 19. Nxe5 Nxe5 20. Bd5 Ra7 21.
Bxb7 Rxb7 22. Qd5 Re7 23. Rad1 Rd8 24. Nf1 Qg5 25. Kh1 Qh4 26. Kg1 Re6 27. Ne3
Rf6 28. Qd2 Rf3 29. Qe2 Rxh3 30. gxh3 Qxh3 31. f4 Nf3+ 32. Kf2 Nd4 33. Rxd4
cxd4 34. Ng2 h4 35. Kg1 Kg7 36. Qf2 Rh8 37. Qxd4+ f6 38. Qxd6 Qg3 39. Qd7+ Kg8
40. Re3 1-0

[Event "VI  Miedzynarodowy Festiwal Szachowy   M"]
[Site "Lazy"]
[Date "2010.07.03"]
[Round "8.14"]
[White "Mazalon, Mariusz"]
[Black "Kucypera, Malgorzata"]
[Result "1/2-1/2"]
[WhiteElo "2093"]
[BlackElo "2068"]
[PlyCount "35"]
[EventDate "2010.??.??"]

1. d4 Nf6 2. c4 c5 3. d5 b5 4. Qc2 bxc4 5. e4 d6 6. Bxc4 g6 7. h3 Bg7 8. Nf3
O-O 9. O-O Ba6 10. Nbd2 Nfd7 11. Rb1 Bxc4 12. Nxc4 Na6 13. a3 Nb6 14. b3 Nc7
15. Bg5 Nb5 16. Qd3 Re8 17. a4 Nc7 18. Na5 1/2-1/2

[Event "VI  Miedzynarodowy Festiwal Szachowy   M"]
[Site "Lazy"]
[Date "2010.07.04"]
[Round "9.8"]
[White "Andrzejewska, Anna"]
[Black "Skalik, Przemyslaw"]
[Result "0-1"]
[WhiteElo "2006"]
[BlackElo "2390"]
[PlyCount "86"]
[EventDate "2010.??.??"]

1. e4 d6 2. d4 Nf6 3. Nc3 Nc6 4. Bg5 e5 5. Bb5 Bd7 6. Nf3 Be7 7. O-O h6 8. Bxf6
Bxf6 9. Nd5 exd4 10. Nxf6+ Qxf6 11. Bxc6 bxc6 12. e5 dxe5 13. Nxe5 Qd6 14. Nxd7
O-O-O 15. Qd3 Rxd7 16. Qa6+ Kb8 17. Rad1 c5 18. Qa4 Ka8 19. Rd3 Rb8 20. Ra3 c6
21. Rb3 Re7 22. Rxb8+ Kxb8 23. a3 Qc7 24. b4 Qb6 25. bxc5 Qxc5 26. Rb1+ Rb7 27.
Rxb7+ Kxb7 28. Qb3+ Ka6 29. g3 Qc3 30. Qb8 Qxc2 31. Qc8+ Kb5 32. Qb7+ Kc4 33.
Qxf7+ Kc3 34. Qxg7 Qb1+ 35. Kg2 Qe4+ 36. Kg1 Kc2 37. Qxa7 d3 38. Qc5+ Kb2 39.
Qb6+ Ka2 40. Qa5 Qe2 41. Qc3 Qc2 42. Qf6 d2 43. Qe6+ Kb1 0-1

[Event "VI  Miedzynarodowy Festiwal Szachowy   M"]
[Site "Lazy"]
[Date "2010.07.04"]
[Round "9.9"]
[White "Mulet, Piotr"]
[Black "Karbowiak, Adam"]
[Result "1/2-1/2"]
[WhiteElo "2320"]
[BlackElo "2209"]
[PlyCount "116"]
[EventDate "2010.??.??"]

1. e4 e6 2. d4 d5 3. Nd2 dxe4 4. Nxe4 Bd7 5. Nf3 Bc6 6. Bd3 Nd7 7. O-O Ngf6 8.
Ng3 Be7 9. Re1 O-O 10. c4 Bxf3 11. Qxf3 c6 12. Bd2 Qb6 13. Bc3 Bb4 14. Bxb4
Qxb4 15. b3 a5 16. a3 Qd6 17. Red1 Rfe8 18. Bc2 Qc7 19. Rac1 Qd6 20. a4 Qb4 21.
Ne4 Nxe4 22. Bxe4 Nf6 23. Bb1 Rad8 24. h3 h6 25. g3 Rd7 26. Rd3 e5 27. dxe5
Rxe5 28. Kg2 Rxd3 29. Qxd3 Re7 30. Qf3 Rd7 31. Rd1 Rxd1 32. Qxd1 Qe7 33. Qd2 b6
34. Qf4 Qd8 35. h4 c5 36. Bc2 Kf8 37. Bf5 Ne8 38. Be4 Qd6 39. Qf3 Nf6 40. Bc6
Ng4 41. Bb5 h5 42. Qa8+ Ke7 43. Qb7+ Kf6 44. Be8 Nh6 45. Qf3+ Ke7 46. Bc6 Ng4
47. Bd5 Qf6 48. Qe2+ Qe5 49. Qd2 g6 50. Bf3 Nf6 51. Kf1 Qd4 52. Qe2+ Kf8 53.
Kg2 Qc3 54. Qd1 Ke7 55. Kf1 Nd7 56. Bd5 Nf6 57. Bf3 Nd7 58. Bd5 Nf6 1/2-1/2

[Event "VI  Miedzynarodowy Festiwal Szachowy   M"]
[Site "Lazy"]
[Date "2010.07.04"]
[Round "9.10"]
[White "Kulon, Klaudia"]
[Black "Zakoscielna, Kinga"]
[Result "0-1"]
[WhiteElo "2230"]
[BlackElo "2040"]
[PlyCount "68"]
[EventDate "2010.??.??"]

1. e4 c5 2. Nf3 e6 3. d4 cxd4 4. Nxd4 Nc6 5. Nc3 Qc7 6. Be3 a6 7. Be2 Nf6 8.
O-O Be7 9. f4 d6 10. a4 O-O 11. Kh1 Na5 12. Qe1 b6 13. Rd1 Bb7 14. Bd3 Nc4 15.
Bc1 Rac8 16. Qg3 Nd7 17. f5 Bf6 18. Nde2 Nde5 19. fxe6 fxe6 20. Nf4 Qe7 21. Nh5
Kh8 22. Nxf6 gxf6 23. Ne2 Rg8 24. Qh4 Rcf8 25. Nf4 b5 26. axb5 axb5 27. Rde1
Ng6 28. Nxg6+ Rxg6 29. b3 Ne5 30. Bxb5 Rg4 31. Qh6 Bxe4 32. Rxe4 Rxe4 33. Bg5
Ng4 34. Qh3 fxg5 0-1

[Event "VI  Miedzynarodowy Festiwal Szachowy   M"]
[Site "Lazy"]
[Date "2010.07.04"]
[Round "9.11"]
[White "Gluszko, Monika"]
[Black "Korosciel, Aneta"]
[Result "1/2-1/2"]
[WhiteElo "2012"]
[BlackElo "2041"]
[PlyCount "120"]
[EventDate "2010.??.??"]

1. e4 e5 2. Nf3 Nf6 3. Nxe5 d6 4. Nf3 Nxe4 5. d4 d5 6. Bd3 Be7 7. O-O Nc6 8.
Nc3 Nxc3 9. bxc3 Bg4 10. h3 Bh5 11. Rb1 Rb8 12. c4 O-O 13. cxd5 Qxd5 14. Rb5
Bxf3 15. Rxd5 Bxd1 16. Rxd1 Nb4 17. Ra5 Nc6 18. Rb5 Nxd4 19. Bxh7+ Kxh7 20.
Rxd4 Bd6 21. Be3 a6 22. Rb1 Rfe8 23. c4 Kg8 24. Rd5 Re5 25. Rxe5 Bxe5 26. f4
Bf6 27. c5 Bd8 28. Kf2 Kf8 29. Bd4 b6 30. Be5 Be7 31. Bd4 Rd8 32. cxb6 cxb6 33.
Ke3 b5 34. Rc1 Bd6 35. g3 Ba3 36. Rc6 a5 37. Bb6 Ra8 38. Bc5+ Bxc5+ 39. Rxc5
Rb8 40. Rc7 b4 41. Ra7 b3 42. axb3 Rxb3+ 43. Kd4 Rxg3 44. Rxa5 Rxh3 45. Ra7 g6
46. Ke5 Kg7 47. Ke4 Rb3 48. Rc7 Rb6 49. Ra7 Kf6 50. Ra5 Rb4+ 51. Kf3 Rd4 52.
Ra6+ Kf5 53. Ra5+ Ke6 54. Re5+ Kd6 55. Re3 Rd5 56. Kg4 Rb5 57. Rd3+ Ke6 58.
Re3+ Kf6 59. Ra3 Rb6 60. Ra5 Rc6 1/2-1/2

[Event "VI  Miedzynarodowy Festiwal Szachowy   M"]
[Site "Lazy"]
[Date "2010.07.04"]
[Round "9.12"]
[White "Kucypera, Malgorzata"]
[Black "Kotlowski, Tomasz"]
[Result "0-1"]
[WhiteElo "2068"]
[BlackElo "2028"]
[PlyCount "44"]
[EventDate "2010.??.??"]

1. e4 g6 2. d4 d6 3. Nc3 Bg7 4. f4 c5 5. Be3 cxd4 6. Bxd4 Nf6 7. h3 Nc6 8. Be3
Qa5 9. Bd3 d5 10. e5 d4 11. Bd2 dxc3 12. Bxc3 Nb4 13. a3 Nxd3+ 14. Qxd3 Qb6 15.
exf6 Bxf6 16. O-O-O Bf5 17. Qf3 Bxc3 18. Qxc3 O-O 19. Rd2 Rac8 20. Qf3 Qe6 21.
b3 Bxc2 22. Rxc2 Qe1+ 0-1

[Event "VI  Miedzynarodowy Festiwal Szachowy   M"]
[Site "Lazy"]
[Date "2010.07.04"]
[Round "9.13"]
[White "Jurkowski, Marcin"]
[Black "Sokolowski, Ryszard"]
[Result "0-1"]
[WhiteElo "1996"]
[BlackElo "2143"]
[PlyCount "82"]
[EventDate "2010.??.??"]

1. d4 e6 2. c4 b6 3. Nc3 Bb7 4. Nf3 f5 5. a3 a5 6. Qc2 Nf6 7. e3 Be7 8. Bd3 c5
9. O-O Bxf3 10. gxf3 cxd4 11. exd4 O-O 12. Re1 Qe8 13. Nb5 Qh5 14. Qe2 Kh8 15.
Bf4 Nc6 16. Rad1 Qh3 17. Kh1 Nh5 18. Bc7 Rac8 19. Qe3 Rxc7 20. Nxc7 Bd6 21. f4
Qh4 22. Nxe6 dxe6 23. Bf1 Nxf4 24. Qg3 Qh6 25. Bg2 Nd8 26. d5 exd5 27. cxd5 Nd3
28. Rxd3 Bxg3 29. fxg3 Qd6 30. Rde3 g5 31. Re7 Rf7 32. Re8+ Kg7 33. R1e5 b5 34.
g4 h6 35. gxf5 Rc7 36. Bf3 Nf7 37. R5e6 Rc1+ 38. Kg2 Rc2+ 39. Kf1 Qf4 40. f6+
Kg6 41. Rg8+ Kf5 0-1

[Event "VI  Miedzynarodowy Festiwal Szachowy   M"]
[Site "Lazy"]
[Date "2010.07.04"]
[Round "9.14"]
[White "Kmiecik, Wojciech"]
[Black "Mazalon, Mariusz"]
[Result "1/2-1/2"]
[WhiteElo "2026"]
[BlackElo "2093"]
[PlyCount "24"]
[EventDate "2010.??.??"]

1. d4 d5 2. Nf3 e6 3. c4 c5 4. e3 Nc6 5. Nc3 Nf6 6. Be2 a6 7. O-O dxc4 8. dxc5
Qxd1 9. Rxd1 Bxc5 10. Bxc4 b5 11. Be2 Bb7 12. a3 O-O 1/2-1/2